Applied hydrology / (Record no. 7972)
[ view plain ]
| 000 -LEADER | |
|---|---|
| fixed length control field | 01055nac a22002651u 4500 |
| 010 ## - LIBRARY OF CONGRESS CONTROL NUMBER | |
| LC control number | 87016860 |
| 020 ## - INTERNATIONAL STANDARD BOOK NUMBER | |
| International Standard Book Number | 0070108102 : |
| 082 00 - DEWEY DECIMAL CLASSIFICATION NUMBER | |
| Classification number | 627 |
| Item number | CHO |
| 090 ## - LOCALLY ASSIGNED LC-TYPE CALL NUMBER (OCLC); LOCAL CALL NUMBER (OCLC) | |
| -- | 7972 |
| -- | 7972 |
| 100 ## - MAIN ENTRY--PERSONAL NAME | |
| Personal name | Chow, Ven Te, |
| 245 10 - TITLE STATEMENT | |
| Title | Applied hydrology / |
| Statement of responsibility, etc | Ven Te Chow, David R. Maidment, Larry W. Mays. |
| 260 ## - PUBLICATION, DISTRIBUTION, ETC. (IMPRINT) | |
| Place of publication, distribution, etc | New York : |
| Name of publisher, distributor, etc | McGraw-Hill,1988 |
| Date of publication, distribution, etc | c1988. |
| 300 ## - PHYSICAL DESCRIPTION | |
| Extent | xiii, 572 p. : |
| Other physical details | ill. ; |
| Dimensions | 26 cm. |
| 440 #0 - | |
| -- | McGraw-Hill series in water resources and environmental engineering |
| 500 ## - GENERAL NOTE | |
| General note | distributer: Al-ahram |
| 504 ## - BIBLIOGRAPHY, ETC. NOTE | |
| Bibliography, etc | Includes bibliographies and indexes. |
| 511 ## - PARTICIPANT OR PERFORMER NOTE | |
| Participant or performer note | catalogued by: wessam |
| 650 #0 - SUBJECT ADDED ENTRY--TOPICAL TERM | |
| Topical term or geographic name as entry element | Hydrology. |
| 700 1# - ADDED ENTRY--PERSONAL NAME | |
| Personal name | Maidment, David R. |
| 700 1# - ADDED ENTRY--PERSONAL NAME | |
| Personal name | Mays, Larry W. |
| 856 42 - ELECTRONIC LOCATION AND ACCESS | |
| Materials specified | Publisher description |
| Uniform Resource Identifier | <a href="http://www.loc.gov/catdir/description/mh022/87016860.html">http://www.loc.gov/catdir/description/mh022/87016860.html</a> |
| 856 42 - ELECTRONIC LOCATION AND ACCESS | |
| Materials specified | Table of contents |
| Uniform Resource Identifier | <a href="http://www.loc.gov/catdir/toc/mh021/87016860.html">http://www.loc.gov/catdir/toc/mh021/87016860.html</a> |
| 856 42 - ELECTRONIC LOCATION AND ACCESS | |
| Materials specified | Contributor biographical information |
| Uniform Resource Identifier | <a href="http://www.loc.gov/catdir/enhancements/fy0737/87016860-b.html">http://www.loc.gov/catdir/enhancements/fy0737/87016860-b.html</a> |
| 942 ## - ADDED ENTRY ELEMENTS (KOHA) | |
| Item type | NB - Book (Non borrowing) |
| Call number prefix | 627CHO |
| Withdrawn status | Item status | Damaged status | Not for loan | Home library | Current library | Shelving location | Date acquired | Source of acquisition | Total Checkouts | Full call number | Barcode | Date last seen | Koha item type | Date last borrowed |
|---|---|---|---|---|---|---|---|---|---|---|---|---|---|---|
| Central Library | Central Library | First floor | 08/02/2014 | Purchase | 627CHO | 000009589 | 15/07/2025 | NB - Book (Non borrowing) | ||||||
| Central Library | Central Library | First floor | 08/02/2014 | Purchase | 1 | 627CHO | 000009555 | 15/07/2025 | Book - Borrowing | 15/04/2013 | ||||
| Central Library | Central Library | First floor | 08/02/2014 | Purchase | 627CHO | 000009557 | 15/07/2025 | Book - Borrowing |